000 00405nam a2200133Ia 4500
008 100328s9999 xx 000 0 und d
082 _b71801
100 _aवेलणकर विवेक
245 _aकरिअर प्लॅनिंग
260 _bसकाळ.
630 _aकरिअर प्लॅनिंग
730 _aकरिअर प्लॅनिंग
942 _cBOOK
999 _c557524
_d557521